Komunikácia v práci manažéra bakalárska práca

Salvato in:
Dettagli Bibliografici
Autore principale: Mojžišová, Karolína
Ente Autore: Fakulta podnikového manažmentu EU. Katedra manažmentu
Altri autori: Abuladze, Lasha, 1991-
Natura: Libro
Lingua:slovacco
Pubblicazione: Bratislava 2022
Tags: Aggiungi Tag
Nessun Tag, puoi essere il primo ad aggiungerne!!

MARC

LEADER 00000nbm a2200000 4500
001 0285431
005 20230221142634.5
041 0 |a slo 
044 |a SK 
245 1 0 |a Komunikácia v práci manažéra  |b bakalárska práca  |c Karolína Mojžišová ; školiteľ: Lasha Abuladze 
264 1 |a Bratislava  |c 2022 
300 |a 52 s. 
100 1 |a Mojžišová, Karolína 
700 1 |a Abuladze, Lasha, 1991- 
710 2 |a Fakulta podnikového manažmentu EU. Katedra manažmentu